| 000 | 00538nam a2200181 i 4500 | ||
|---|---|---|---|
| 001 | 89663 | ||
| 003 | ES-MaACL | ||
| 005 | 20230906180237.0 | ||
| 007 | t| | ||
| 008 | 050112s1941 it ||||1| ita d | ||
| 100 | 1 |
_aVillanova, Rafael Lasso de la Vega, _cMarqués de, _d1890-1959 _970477 |
|
| 245 | 1 | 0 |
_aConstancias _b: 1925-1938 / _cMarqués de Villanova. |
| 250 | _a[2ª ed.]. | ||
| 260 |
_aFirenze : _b[s.n.], _c1941 ( _fSiena) |
||
| 300 |
_a66 p. ; _c22 cm. |
||
| 852 |
_aES-MaACL _j1865-F-3 _bR.22665 |
||
| 999 |
_c89663 _d89663 |
||